Neruda vuelve a Valparaíso
I tiakina i:
| Kaituhi matua: | |
|---|---|
| Hōputu: | Pukapuka |
| Reo: | Pāniora |
| I whakaputaina: |
Valparaíso
Ediciones Universitarias de Valparaíso
2015
|
| Putanga: | 1a. ed |
| Ngā marau: | |
| Ngā Tūtohu: |
Tāpirihia he Tūtohu
Kāore He Tūtohu, Me noho koe te mea tuatahi ki te tūtohu i tēnei pūkete!
|
MARC
| LEADER | 00000cam a2200000 a 4500 | ||
|---|---|---|---|
| 001 | UCD0989 | ||
| 003 | CL-VaPUC | ||
| 005 | 20240924105140.0 | ||
| 008 | 151231e20150000cl |||||||||||||||||spa|d | ||
| 999 | |c 362420 |d 362418 | ||
| 020 | |a 978956171706491 | ||
| 040 | |c Pontificia Universidad Católica de Valparaíso | ||
| 082 | 0 | 4 | |a Ch863 |b VIA |2 21 |
| 100 | 0 | |a Vial, Sara |e author |9 584057 | |
| 245 | 1 | 0 | |a Neruda vuelve a Valparaíso |
| 250 | |a 1a. ed | ||
| 260 | |a Valparaíso |b Ediciones Universitarias de Valparaíso |c 2015 | ||
| 300 | |a 417 p | ||
| 583 | |a last modification |c 20151231 00:35:00 |k Rodrigo Vera | ||
| 600 | 0 | |a Neruda, Pablo, |d 1904-1973 |e autor |9 471955 | |
| 650 | 0 | |a Prosas chilenas |9 316104 | |
| 650 | 0 | |a Literatura chilena |9 308278 | |
| 651 | 7 | |a CHILE |2 CL-VaPUC |9 584058 | |
| 651 | 0 | |a Valparaíso, Chile |9 261144 | |
| 942 | |c BK |2 ddc | ||
| 945 | |d 20151231 00:35:00 |a arojas | ||
| 952 | |0 0 |1 0 |3 erb |4 0 |6 CH_863_000000000000000_VIA_2015 |7 0 |8 A |9 473682 |a BIBEDU |b BIBEDU |i 5258030 |o Ch863 VIA 2015 |p 5258030 |r 2019-11-24 |w 2019-11-24 |y BK |z Catalogado en:20151231 |k LIT | ||
| 952 | |0 0 |1 0 |3 erb |4 0 |6 CH_863_000000000000000_VIA_2015 |7 0 |8 A |9 473683 |a BIBEDU |b BIBEDU |i 5260957 |o Ch863 VIA 2015 |p 5260957 |r 2019-11-24 |w 2019-11-24 |y BK |z Catalogado en:20160107 |k LIT | ||
| 952 | |0 0 |1 0 |3 erb |4 0 |6 CH_863_000000000000000_VIA_2015 |7 0 |8 A |9 473684 |a BIBEDU |b BIBEDU |i 5260949 |o Ch863 VIA 2015 |p 5260949 |r 2019-11-24 |w 2019-11-24 |y BK |z Catalogado en:20160107 |k LIT | ||
| 952 | |0 0 |1 0 |3 erb |4 0 |6 CH_863_000000000000000_VIA_2015 |7 0 |8 A |9 473685 |a BIBEDU |b BIBEDU |i 5260930 |o Ch863 VIA 2015 |p 5260930 |r 2019-11-24 |w 2019-11-24 |y BK |z Catalogado en:20160107 |k LIT | ||
| 952 | |0 0 |1 0 |3 erb |4 0 |6 CH_863_000000000000000_VIA_2015 |7 0 |8 A |9 473686 |a BIBEDU |b BIBEDU |i 5260922 |o Ch863 VIA 2015 |p 5260922 |r 2019-11-24 |w 2019-11-24 |y BK |z Catalogado en:20160107 |k LIT | ||
| 952 | |0 0 |1 0 |3 erb |4 0 |6 CH_863_000000000000000_VIA_2015 |7 0 |8 A |9 473687 |a BIBGIM |b BIBGIM |i 543453K |o Ch863 VIA 2015 |p 543453K |r 2025-01-15 |w 2019-11-24 |y BK |z Catalogado en:20171111 |k SSL | ||
| 952 | |0 0 |1 0 |3 erb |4 0 |6 CH_863_000000000000000_VIA_2015 |7 0 |8 A |9 473688 |a BIBGIM |b BIBGIM |i 5434599 |o Ch863 VIA 2015 |p 5434599 |r 2025-01-15 |w 2019-11-24 |y BK |z Catalogado en:20171111 |k SSL | ||